[Event "TUR-chT2"]
[Site "Konya"]
[Date "2017.07.13"]
[Round "7.3"]
[White "Kocabay, Ayse"]
[Black "Novruzova, Nigar Farman Qizi"]
[Result "0-1"]
[WhiteElo "1375"]
[BlackElo "1700"]
[PlyCount "86"]
[EventDate "2017.07.09"]
[EventType "team-swiss"]
[EventRounds "9"]
[EventCountry "TUR"]
[SourceTitle "CBM 179 Extra"]
[Source "ChessBase"]
[SourceDate "2017.08.23"]
[SourceVersion "1"]
[SourceVersionDate "2017.08.23"]
[SourceQuality "1"]
[WhiteTeam "Sakarya Buyuksehir"]
[BlackTeam "Pendik Dernegi"]
[WhiteTeamCountry "TUR"]
[BlackTeamCountry "TUR"]

1. d4 g6 2. c4 Bg7 3. Nc3 d6 4. e4 Nd7 5. Nf3 e5 6. d5 Ne7 7. Be2 0-0 8. 0-0 h6 9. Ne1 f5 10. f3 f4 11. Nd3 g5 12. Nf2 h5 13. Bd2 Nf6 14. h3 Kh7 15. Be1 Rh8 16. Nh1 a6 17. Qb3 Qe8 18. Nd1 Qg6 19. Ndf2 b6 20. Rc1 Kg8 21. Rc2 g4 22. fxg4 hxg4 23. Nxg4 Kf7 24. Nhf2 Qg5 25. Rc3 Ng6 26. Nxf6 Bxf6 27. Ng4 Ne7 28. Nxf6 Kxf6 29. g4 Bd7 30. Rf2 Qh4 31. Rf1 Qh7 32. Rf2 Rag8 33. Rg2 Qxe4 34. Qc2 Qxc2 35. Rxc2 Rxh3 36. g5+ Rxg5 37. Rxg5 Kxg5 38. Bf1 Rh7 39. Rg2+ Kf6 40. Rh2 Rxh2 41. Kxh2 Nf5 42. Kg1 Kg5 43. Kf2 Ne3 0-1